| 000 | 00593nam a2200241Ia 4500 | ||
|---|---|---|---|
| 003 | OSt | ||
| 005 | 20221005123129.0 | ||
| 006 | a|||||r|||| 00| 0 | ||
| 007 | ta | ||
| 008 | 221004b |||||||| |||| 00| 0 eng d | ||
| 024 | _a64768 | ||
| 037 | _cTextual | ||
| 040 |
_aCRL _cCRL _beng |
||
| 041 |
_2eng _aeng |
||
| 082 | _aV1N45:190495:N5, J0 | ||
| 110 | _aUnited Nations. | ||
| 245 | 0 | _aKorea and the United Nations | |
| 260 | _c1950 | ||
| 650 | _aHISTORY | ||
| 700 | _aUnited Nations. | ||
| 942 |
_hV1N45:190495:N5, J0 _cTEXL _2cc |
||
| 999 |
_c1046473 _d1046473 |
||